[Event "Bucaramanga Santander-ch"]
[Site "Bucaramanga"]
[Date "2024.03.10"]
[Round "7"]
[White "Palencia Morales, Wilson Guillermo"]
[Black "Ortiz Perez, Javier Augusto"]
[Result "1-0"]
[WhiteElo "2180"]
[BlackElo "1930"]
[PlyCount "63"]
[EventDate "2024.03.08"]
[EventType "swiss"]
[EventRounds "7"]
[EventCountry "COL"]
[SourceTitle "CB13_2024"]
[SourceDate "2024.03.27"]
[SourceVersion "1"]
[SourceVersionDate "2024.03.27"]
[SourceQuality "1"]

1. e4 c5 2. Nf3 d6 3. d4 cxd4 4. Nxd4 Nf6 5. f3 Nc6 6. c4 g6 7. Nc3 Bg7 8. Be3 Bd7 9. Be2 a6 10. Qd2 h5 11. 0-0 0-0 12. Rab1 Rc8 13. b3 Nxd4 14. Bxd4 Bc6 15. b4 Ne8 16. Be3 Nc7 17. a4 Qe8 18. a5 Ne6 19. Nd5 Bxd5 20. exd5 Nc7 21. f4 e6 22. dxe6 Qxe6 23. f5 gxf5 24. Bd3 Rce8 25. Rf3 d5 26. Bxf5 Qe5 27. Rbf1 dxc4 28. Rg3 c3 29. Qd1 Qxg3 30. hxg3 Rxe3 31. Qxh5 Rfe8 32. Bh7+ 1-0

[Event "Bucaramanga Santander-ch"]
[Site "Bucaramanga"]
[Date "2024.03.08"]
[Round "2"]
[White "Pava Carvajal, Hugo Alberto"]
[Black "Ortiz Perez, Javier Augusto"]
[Result "0-1"]
[WhiteElo "1719"]
[BlackElo "1930"]
[PlyCount "32"]
[EventDate "2024.03.08"]
[EventType "swiss"]
[EventRounds "7"]
[EventCountry "COL"]
[SourceTitle "CB13_2024"]
[SourceDate "2024.03.27"]
[SourceVersion "1"]
[SourceVersionDate "2024.03.27"]
[SourceQuality "1"]

1. e4 c5 2. Nf3 a6 3. d4 cxd4 4. Nxd4 Nf6 5. Nc3 d6 6. Bg5 e6 7. f4 Be7 8. Qf3 Qc7 9. g4 Nc6 10. Nxc6 bxc6 11. Bxf6 gxf6 12. Bc4 d5 13. exd5 cxd5 14. Bb3 Bb7 15. Nxd5 exd5 16. Bxd5 Qa5+ 0-1

[Event "COL-chT Blitz"]
[Site "Santander"]
[Date "2022.10.09"]
[Round "9.2"]
[White "Movil Brito, Jaime Alfreo"]
[Black "Ortiz Perez, Javier Augusto"]
[Result "1-0"]
[WhiteElo "1817"]
[BlackElo "2083"]
[PlyCount "76"]
[EventDate "2022.09.10"]
[EventType "team-swiss (blitz)"]
[EventRounds "9"]
[EventCountry "COL"]
[SourceTitle "EXT 2023"]
[Source "ChessBase"]
[SourceDate "2022.10.05"]
[SourceVersion "1"]
[SourceVersionDate "2022.10.05"]
[SourceQuality "1"]
[WhiteTeam "Guajira"]
[BlackTeam "Santander Norgtech CA"]
[WhiteTeamCountry "COL"]
[BlackTeamCountry "COL"]

1. d4 Nf6 2. Nf3 c5 3. e3 cxd4 4. exd4 d5 5. Bf4 Nc6 6. Be2 Bf5 7. c3 e6 8. Nbd2 Bd6 9. Ne5 0-0 10. 0-0 Rc8 11. Ndf3 Ne4 12. h3 Qc7 13. Bd3 f6 14. Nxc6 Bxf4 15. Nxa7 Ra8 16. Nb5 Qb6 17. Nh4 Bb8 18. g4 Bg6 19. Nxg6 hxg6 20. f3 Ng5 21. Kg2 f5 22. h4 Nf7 23. Qe2 e5 24. gxf5 gxf5 25. Bxf5 Nh6 26. Bh3 Ra6 27. dxe5 Ra4 28. Nd4 Ra6 29. f4 Qd8 30. Ne6 Rxe6 31. Bxe6+ Kh8 32. Qh5 Qb6 33. Bg4 Qxb2+ 34. Kh1 Qxc3 35. Rac1 Qg3 36. Bd7 Ba7 37. Rc8 Rxc8 38. Bxc8 Bf2 1-0

[Event "COL-chT Blitz"]
[Site "Santander"]
[Date "2022.09.10"]
[Round "1.2"]
[White "Ortiz Perez, Javier Augusto"]
[Black "Martinez Zuluaica, Julian"]
[Result "1-0"]
[WhiteElo "2083"]
[BlackElo "2180"]
[PlyCount "109"]
[EventDate "2022.09.10"]
[EventType "team-swiss (blitz)"]
[EventRounds "9"]
[EventCountry "COL"]
[SourceTitle "EXT 2023"]
[Source "ChessBase"]
[SourceDate "2022.10.05"]
[SourceVersion "1"]
[SourceVersionDate "2022.10.05"]
[SourceQuality "1"]
[WhiteTeam "Santander Norgtech CA"]
[BlackTeam "Santander"]
[WhiteTeamCountry "COL"]
[BlackTeamCountry "COL"]

1. Nf3 Nf6 2. b3 d6 3. Bb2 e5 4. d3 Be7 5. Nbd2 Bg4 6. g3 Nbd7 7. Bg2 0-0 8. h3 Bh5 9. g4 Bg6 10. e4 Re8 11. Qe2 Nf8 12. 0-0-0 Ne6 13. Nh4 Nf4 14. Qf1 a5 15. Nf5 a4 16. Bf3 axb3 17. axb3 Bf8 18. h4 d5 19. Nb1 d4 20. h5 Bxf5 21. gxf5 h6 22. Qg1 Qd6 23. Qg3 Qc5 24. Rh4 Ra6 25. Rxf4 exf4 26. Qxf4 Bd6 27. Qd2 Qe5 28. Rg1 Qf4 29. c4 Qh4 30. Kc2 Qf4 31. Qxf4 Bxf4 32. Bxd4 Be5 33. Bxe5 Rxe5 34. d4 Ra2+ 35. Kd3 Re8 36. Nd2 Nd7 37. e5 c5 38. e6 fxe6 39. fxe6 Nf6 40. d5 Ra6 41. Ne4 Nxe4 42. Bxe4 Rd6 43. Rg6 Rb6 44. Kc3 Ra8 45. f4 Ra3 46. Bc2 Ra1 47. e7 Kf7 48. Rxb6 Kxe7 49. Rxb7+ Kf6 50. Rb6+ Kf7 51. Rc6 Rf1 52. Rxc5 Rxf4 53. d6 g5 54. hxg6+ Ke6 55. Rd5 1-0

[Event "COL-chT"]
[Site "Bucaramanga"]
[Date "2022.09.07"]
[Round "3.1"]
[White "Suarez Pinto, Sergio Rafael"]
[Black "Ortiz Perez, Javier Augusto"]
[Result "1-0"]
[WhiteElo "1910"]
[BlackElo "1880"]
[PlyCount "57"]
[EventDate "2022.09.06"]
[EventType "team-swiss"]
[EventRounds "7"]
[EventCountry "COL"]
[SourceTitle "CBM 210 Extra"]
[Source "ChessBase"]
[SourceDate "2022.11.30"]
[SourceVersion "1"]
[SourceVersionDate "2022.11.30"]
[SourceQuality "1"]
[WhiteTeam "Santander"]
[BlackTeam "Santander Norgtech"]
[WhiteTeamCountry "COL"]
[BlackTeamCountry "COL"]

1. e4 c5 2. Nf3 a6 3. Nc3 e6 4. d4 cxd4 5. Nxd4 d6 6. Be3 Nf6 7. g4 Nc6 8. g5 Nd7 9. Qd2 Qc7 10. 0-0-0 Nce5 11. f4 Nc4 12. Bxc4 Qxc4 13. f5 Nc5 14. fxe6 Bxe6 15. Nxe6 fxe6 16. Qg2 Nd7 17. Qh3 e5 18. Nd5 Rc8 19. Qe6+ Kd8 20. Kb1 Rc6 21. g6 h6 22. Rhf1 Nf6 23. Bb6+ Rxb6 24. Rxf6 gxf6 25. Qxf6+ Ke8 26. g7 Qxd5 27. exd5 Bxg7 28. Qxg7 Rf8 29. b3 1-0

[Event "COL-ch"]
[Site "Boyaca"]
[Date "2022.08.21"]
[Round "9"]
[White "Ortiz Perez, Javier Augusto"]
[Black "Suaza Builes, Oscar A"]
[Result "1-0"]
[WhiteElo "1962"]
[BlackElo "1434"]
[PlyCount "57"]
[EventDate "2022.08.17"]
[EventType "swiss"]
[EventRounds "9"]
[EventCountry "COL"]
[SourceTitle "CBM 210 Extra"]
[Source "ChessBase"]
[SourceDate "2022.11.30"]
[SourceVersion "1"]
[SourceVersionDate "2022.11.30"]
[SourceQuality "1"]

1. e4 d5 2. exd5 Nf6 3. d4 Nxd5 4. c4 Nf6 5. Nc3 Bf5 6. Be3 c6 7. Nf3 e6 8. Bd3 Bxd3 9. Qxd3 Bd6 10. 0-0-0 h6 11. h3 Bb4 12. a3 Ba5 13. g4 Bxc3 14. Qxc3 Nbd7 15. Qc2 Nb6 16. g5 hxg5 17. Bxg5 Qc7 18. Kb1 0-0-0 19. Ne5 Rh5 20. Bf4 Qe7 21. Bg3 Rdh8 22. h4 g5 23. Rhe1 gxh4 24. Bh2 Rg5 25. d5 Rg2 26. Bf4 Ng4 27. d6 Qf6 28. d7+ Kd8 29. Bg5 1-0